000
00336nam a2200133 a 4500
008
101213s1988|||| d
245
1
0
_a
Piesne svetské ľudu slovenského v Uhorsku
100
1
_a
Kollár, Ján
700
1
_a
Šafárik, P. J.
260
_b
Tatran
_a
Bratislava
_c
1988
020
_c
24
044
_a
xo
_c
SK
041
_a
slo
999
_c
15203
_d
15203